The land of naked people : (Record no. 152451)

MARC details
000 -LEADER
fixed length control field 00669nam a22002057a 4500
005 - DATE AND TIME OF LATEST TRANSACTION
control field 20180530171625.0
010 ## - LCCN (DPL NO)
LC control number B-132885
020 ## - INTERNATIONAL STANDARD BOOK NUMBER
Terms of availability 250.00
International Standard Book Number 9780143031017
035 ## - SYSTEM CONTROL NUMBER
System control number B-132885
037 ## - SOURCE OF ACQUISITION
Source of stock number/acquisition BPPD/PUB
037 ## - SOURCE OF ACQUISITION
Source of stock number/acquisition BPPD/PUB
Stock number dpl
082 ## - DEWEY DECIMAL CLASSIFICATION NUMBER
Classification number 915.436 MUK
100 ## - MAIN ENTRY--PERSONAL NAME
Personal name Mukerjee, Madhusree
245 1# - TITLE STATEMENT
Title The land of naked people :
Statement of responsibility, etc by Madhusree Mukerjee
Remainder of title encounters with stone age islanders /
260 ## - PUBLICATION, DISTRIBUTION, ETC. (IMPRINT)
Place of publication, distribution, etc New Delhi
Name of publisher, distributor, etc Penguin
Date of publication, distribution, etc 2003
270 ## - ADDRESS
Address 11 Community Centre, Panchsheel Park
City New Delhi
Postal code 110017
300 ## - PHYSICAL DESCRIPTION
Extent xvii, 238p.
Dimensions 20cm (pbk)
500 ## - GENERAL NOTE
General note Includes bibliographical references.
942 ## - ADDED ENTRY ELEMENTS (KOHA)
Institution code [OBSOLETE] dpl
Item type English Books
Source of classification or shelving scheme Dewey Decimal Classification
Classification part 915.436
Call number suffix MUK
Holdings
Withdrawn status Lost status Not for loan Collection code Home library Current library Date acquired Source of acquisition Cost, normal purchase price Full call number Barcode Cost, replacement price Koha item type
      Non-fiction Shahdara Branch Shahdara Branch 30/05/2018 BPPD/PUB 250.00 915.436 MUK B-132885 250.00 English Books

© Delhi Public Library
Hit Counter
free hit counter